Memòria / Parc de la Serralada Litoral Parc de la Serralada Litoral
Publicado:
Barcelona :
Diputació de Barcelona. Àrea d'Espais Naturals. Xarxa de Parcs Naturals ,
2011
Descripción Física:
Il·lustracions ; 29 cm
MARC
| LEADER | 00000nam a2200000Ia 4500 | ||
|---|---|---|---|
| 001 | 23235 | ||
| 008 | 160829s2011 xx 000 0 cat d | ||
| 017 | |a DL B-28205-2012 | ||
| 080 | |a C-3-360 | ||
| 110 | 1 | |a Parc de la Serralada Litoral (Catalunya) |9 52719 | |
| 245 | |a Memòria / |b Parc de la Serralada Litoral | ||
| 260 | |a Barcelona : |b Diputació de Barcelona. Àrea d'Espais Naturals. Xarxa de Parcs Naturals, |c 2011 | ||
| 300 | |b Il·lustracions ; |c 29 cm | ||
| 590 | |a Anual | ||
| 610 | 1 | 0 | |a Parc de la Serralada Litoral (Catalunya) |9 52719 |
| 610 | 1 | 0 | |a Barcelona (Catalunya : Província). |b Diputació |v Revistes |9 54166 |
| 650 | 0 | |a Parcs naturals |z Barcelona (Catalunya : Província) |v Revistes |9 53491 | |
| 710 | 1 | |9 7250 |a Barcelona (Catalunya : Província). |b Xarxa de Parcs Naturals | |
| 866 | |a 2010, 2011 | ||
| 901 | |a Arxiu | ||
| 942 | |n 1 |2 udc |c ARXIU | ||
| 952 | |0 0 |1 0 |4 0 |7 1 |9 53244 |a Arxiu |b Arxiu |d 2023-04-05 |h 2010 |o C-3-360 |p 23235 |r 2016-12-01 00:00:00 |w 2016-12-01 |y ARXIU | ||
| 952 | |0 0 |1 0 |4 0 |6 BIB935 |7 1 |9 63780 |a Arxiu |b Arxiu |d 2022-09-05 |h 2011 |l 0 |o Bib-935 |p 26701 |r 2022-09-05 00:00:00 |w 2022-09-05 |y ARXIU | ||
| 999 | |c 57108 |d 57108 | ||